<?xml version="1.0" encoding="UTF-8"?>
<record
    xmlns:xsi="http://www.w3.org/2001/XMLSchema-instance"
    xsi:schemaLocation="http://www.loc.gov/MARC21/slim http://www.loc.gov/standards/marcxml/schema/MARC21slim.xsd"
    xmlns="http://www.loc.gov/MARC21/slim">

  <leader>01262nam a22002537a 4500</leader>
  <controlfield tag="005">20081118152525.0</controlfield>
  <controlfield tag="008">081118t        xxu||||| |||| 00| 0 hin d</controlfield>
  <datafield tag="010" ind1=" " ind2=" ">
    <subfield code="a">HIN-85096</subfield>
  </datafield>
  <datafield tag="020" ind1=" " ind2=" ">
    <subfield code="a">9780070090025</subfield>
    <subfield code="c">945.00</subfield>
  </datafield>
  <datafield tag="035" ind1=" " ind2=" ">
    <subfield code="a">HN-57442</subfield>
  </datafield>
  <datafield tag="037" ind1=" " ind2=" ">
    <subfield code="b">DBAD / PUB</subfield>
  </datafield>
  <datafield tag="040" ind1=" " ind2=" ">
    <subfield code="a">DPL</subfield>
    <subfield code="b">HN</subfield>
  </datafield>
  <datafield tag="082" ind1=" " ind2=" ">
    <subfield code="a">000</subfield>
  </datafield>
  <datafield tag="245" ind1=" " ind2=" ">
    <subfield code="a">&#x938;&#x93E;&#x92E;&#x93E;&#x928;&#x94D;&#x92F; &#x905;&#x927;&#x94D;&#x92F;&#x92F;&#x928; 2009:</subfield>
    <subfield code="c"> </subfield>
    <subfield code="b">UPSC &#x938;&#x93F;&#x935;&#x93F;&#x932; &#x938;&#x947;&#x935;&#x93E; &#x92A;&#x94D;&#x930;&#x93E;&#x930;&#x92E;&#x94D;&#x92D;&#x93F;&#x915; &#x92A;&#x930;&#x940;&#x915;&#x94D;&#x937;&#x93E; &#x915;&#x947; &#x932;&#x93F;&#x90F; /</subfield>
  </datafield>
  <datafield tag="246" ind1=" " ind2=" ">
    <subfield code="a">Saamaanya adhyayana-2009</subfield>
  </datafield>
  <datafield tag="260" ind1=" " ind2=" ">
    <subfield code="a">&#x928;&#x908; &#x926;&#x93F;&#x932;&#x94D;&#x932;&#x940;</subfield>
    <subfield code="b">&#x91F;&#x93E;&#x91F;&#x93E; &#x92E;&#x947;&#x915;&#x917;&#x94D;&#x930;&#x93E;-&#x939;&#x93F;&#x932; &#x92A;&#x92C;&#x94D;&#x932;&#x93F;&#x936;&#x93F;&#x902;&#x917; &#x915;&#x902;.</subfield>
    <subfield code="c">2009</subfield>
  </datafield>
  <datafield tag="270" ind1=" " ind2=" ">
    <subfield code="a">7 &#x935;&#x947;&#x938;&#x94D;&#x91F; &#x92A;&#x91F;&#x947;&#x932; &#x928;&#x917;&#x930; </subfield>
    <subfield code="b">&#x928;&#x908; &#x926;&#x93F;&#x932;&#x94D;&#x932;&#x940; </subfield>
    <subfield code="e">110008</subfield>
  </datafield>
  <datafield tag="300" ind1=" " ind2=" ">
    <subfield code="a">&#x935;&#x93F;. &#x92A;&#x943;</subfield>
    <subfield code="c">25 &#x938;&#x947;&#x92E;&#x940; (&#x905;&#x91C;&#x93F;&#x932;&#x94D;&#x926;)</subfield>
  </datafield>
  <datafield tag="490" ind1=" " ind2=" ">
    <subfield code="a">Tata McGraw-Hill's WE Series </subfield>
  </datafield>
  <datafield tag="650" ind1=" " ind2=" ">
    <subfield code="a">&#x938;&#x93E;&#x92E;&#x93E;&#x928;&#x94D;&#x92F; &#x91C;&#x94D;&#x91E;&#x93E;&#x928;</subfield>
    <subfield code="x">&#x92A;&#x930;&#x940;&#x915;&#x94D;&#x937;&#x93E;&#x92F;&#x947;&#x902;</subfield>
    <subfield code="x">&#x905;&#x927;&#x94D;&#x92F;&#x92F;&#x928; &#x917;&#x93E;&#x907;&#x921;</subfield>
  </datafield>
  <datafield tag="650" ind1=" " ind2=" ">
    <subfield code="a">General knowledge</subfield>
    <subfield code="x">Examinations</subfield>
    <subfield code="x">Study guides</subfield>
  </datafield>
  <datafield tag="942" ind1=" " ind2=" ">
    <subfield code="2">ddc</subfield>
    <subfield code="c">HN</subfield>
    <subfield code="m">&#x938;&#x93E;&#x92E;&#x93E;&#x928;&#x94D;&#x92F;</subfield>
    <subfield code="h">000</subfield>
  </datafield>
  <datafield tag="999" ind1=" " ind2=" ">
    <subfield code="c">19093</subfield>
    <subfield code="d">19093</subfield>
  </datafield>
  <datafield tag="952" ind1=" " ind2=" ">
    <subfield code="0">0</subfield>
    <subfield code="1">0</subfield>
    <subfield code="2">ddc</subfield>
    <subfield code="4">0</subfield>
    <subfield code="7">1</subfield>
    <subfield code="a">DBAD</subfield>
    <subfield code="b">DBAD</subfield>
    <subfield code="d">2008-11-25</subfield>
    <subfield code="g">945.00</subfield>
    <subfield code="l">0</subfield>
    <subfield code="o">000 &#x938;&#x93E;&#x92E;&#x93E;&#x928;&#x94D;&#x92F;</subfield>
    <subfield code="p">HN-57442</subfield>
    <subfield code="r">2008-11-25 00:00:00</subfield>
    <subfield code="t">1</subfield>
    <subfield code="v">945.00</subfield>
    <subfield code="w">2008-11-25</subfield>
    <subfield code="y">HN</subfield>
  </datafield>
</record>
